| 000 | 00753nam a2200205 a 4500 | ||
|---|---|---|---|
| 001 | 22632 | ||
| 003 | CO-ViMGA | ||
| 008 | 141112s2004 ck r 000 u spa d | ||
| 040 |
_aCO-ViMGA _bspa _cCO-ViMGA |
||
| 082 | 0 | 4 | _aCo863 V176a |
| 100 | 1 |
_aVásquez, Juan Gabriel _932212 |
|
| 245 | 1 | 0 | _aLos amantes de todos los santos |
| 260 |
_aBogotá : _bAlfaguara, _c2005 |
||
| 300 | _a204 | ||
| 505 | _aEl regreso 11 - - Los amantes de todos los santos 23 - - El inquilino 55 - - En el cafe de la republique 89 - - La soledad del mago 119 | ||
| 590 | _aForma de adquisición : Compra - - Precio : 39000 - - Proveedor : Dismet - - Fecha de adquisición : 2008 | ||
| 650 | 1 | 4 |
_aAMOR EN LA LITERATURA _969 |
| 650 | 1 | 4 | _aCUENTOS COLOMBIANOS |
| 942 |
_2ddc _cBK |
||
| 999 |
_c30933 _d30933 |
||